| 000 | 01360cam a22003737a 4500 | ||
|---|---|---|---|
| 003 | CHAP | ||
| 005 | 20240507093728.0 | ||
| 008 | 090515s2006 mx a r 00010 spa d | ||
| 010 | _a96173 | ||
| 011 | _a97145 | ||
| 020 | _a9706865438 | ||
| 035 | _a107807 | ||
| 040 | _cCHAP | ||
| 082 | 0 | 4 |
_a517 _bSt49y 2005 |
| 100 | 0 | 0 |
_aStewart, James. _9109770 |
| 245 | 1 | 0 |
_aCálculo : _bconceptos y contextos _c/por James Stewart |
| 250 | _a3 ed. | ||
| 260 |
_aMéxico, D. F. : _bThomson, _c2006 |
||
| 300 |
_a978, 158 p. : _bilus., + 2 CD (4 3/4 plgs.) |
||
| 500 | _aEl CD 2 contiene : videos interactivos skilibuilder. | ||
| 534 |
_pTít. original : _tCalculus, comcepts and contexts, _c2005 |
||
| 534 | _b3 ed. | ||
| 590 |
_aBATCH-UPD _b10 _c20130110 |
||
| 590 |
_aBATCH-UPD _b10 _c20130410 |
||
| 590 |
_aBATCH-UPD _b10 _c20130914 |
||
| 590 |
_aCONVERSION _b10 _c20130109 |
||
| 650 | 1 | 4 |
_aCálculo. _923990 |
| 901 | _aBK | ||
| 942 |
_cLIBRO _2ddc |
||
| 949 |
_a517 St49y 2005 _bBC _cLIBRO _d33724002093603 _eLIBRO _fc.2 _gI.c/e _h110397 _i107807 _so _t$400.00 |
||
| 949 |
_a517 St49y 2005 _bBC _cLIBRO _d33724002093644 _eLIBRO _gI.c/e _h110396 _i107807 _so _t$400.00 |
||
| 949 |
_a517 St49y 2005 _bBC _cLIBRO _d33724002113231 _eLIBRO _fc.3 _gI.c/e _h110971 _i107807 _so _t$420.00 |
||
| 949 |
_a517 St49y 2005 _bBC _cLIBRO _d33724002129876 _eLIBRO _fc.4 _gI.c/e _h110972 _i107807 _so _t$420.00 |
||
| 999 |
_c96173 _d96173 |
||